| 000 | 00789nam a2200229 a 4500 | ||
|---|---|---|---|
| 005 | 20240910064000.0 | ||
| 008 | 030902s2002 mx r 000 0 spa d | ||
| 020 | _a9870001912 | ||
| 035 | _aUPN01000128391 | ||
| 049 | _aCG | ||
| 050 | 4 |
_aHQ796 _bA5.6 |
|
| 245 | 0 | 0 |
_aAdolescencia : _bespejo de la sociedad actual / _ccoord. María Eugenia Melgoza Magaña ; Ma. Guadalupe Aguilar Medina ... [et al.]. |
| 260 |
_aBuenos Aires : _bLumen, _cc2002. |
||
| 300 | _a188 p. | ||
| 440 | 0 | _aRepasando y repansando la adolescencia | |
| 650 | 7 |
_aSexualidad del adolescente _2 _91514 |
|
| 650 | 4 |
_aAdolescencia _91008 |
|
| 650 | 4 |
_aPsicología del adolescente _91013 |
|
| 700 | 1 |
_aMelgoza Magaña, María Eugenia, _ecoord. |
|
| 700 | 1 |
_aAguilar Medina, María Guadalupe, _ecoaut. |
|
| 905 | _aLibro | ||
| 999 |
_c100570 _d100570 |
||